000
003250000a22001450004500
020
_a
968-13-1614-2
041
0
_a
SPA
082
0
4
_a
G 863 A432d
100
1
_a
Allende, Isabel (1942-)
245
1
0
_a
La casa de los espíritus / Isabel Allende
260
_a
México : Diana
300
_a
386 Pag
001
11344
942
_c
BK
999
_c
40680
_d
40680